The big book of experiments:an encylopedia of science (Record no. 13368)
[ view plain ]
| 000 -LEADER | |
|---|---|
| fixed length control field | 00819nam a22002297a 4500 |
| 005 - DATE AND TIME OF LATEST TRANSACTION | |
| control field | 20170602161307.0 |
| 010 ## - LCCN (DPL NO) | |
| LC control number | B-262910-911 |
| 020 ## - INTERNATIONAL STANDARD BOOK NUMBER | |
| International Standard Book Number | 01709713754 |
| Terms of availability | 495.00 |
| 035 ## - SYSTEM CONTROL NUMBER | |
| System control number | B-262910-911 |
| 037 ## - SOURCE OF ACQUISITION | |
| Stock number | 43803 |
| Source of stock number/acquisition | Super Book Distributors/24.4.08/27/8.4.08/19.5.08/495.00/ |
| 082 ## - DEWEY DECIMAL CLASSIFICATION NUMBER | |
| Classification number | 503 / COC |
| 100 ## - MAIN ENTRY--PERSONAL NAME | |
| Personal name | Cocco, Paola |
| 245 ## - TITLE STATEMENT | |
| Title | The big book of experiments:an encylopedia of science |
| Statement of responsibility, etc | by Paola Cocco |
| 260 ## - PUBLICATION, DISTRIBUTION, ETC. (IMPRINT) | |
| Place of publication, distribution, etc | England |
| Name of publisher, distributor, etc | Brown Watson |
| Date of publication, distribution, etc | 2005(repr.) |
| 260 ## - PUBLICATION, DISTRIBUTION, ETC. (IMPRINT) | |
| Place of publication, distribution, etc | New Delhi |
| Name of publisher, distributor, etc | Super Book Distributor |
| 270 ## - ADDRESS | |
| Address | Istituto Geografico De Agostini S.p.A., Novara |
| City | England |
| 270 ## - ADDRESS | |
| Address | F-1/16, Basement Ansari Road, Darya Ganj |
| City | New Delhi |
| Postal code | 110002 |
| 270 ## - ADDRESS | |
| Address | 80 Strand, London WC2R ORL |
| City | England |
| 300 ## - PHYSICAL DESCRIPTION | |
| Extent | 190p. |
| Dimensions | 27cm.(Hb) |
| Other physical details | col. photos |
| 700 ## - ADDED ENTRY--PERSONAL NAME | |
| Personal name | Cocco, Paola |
| 942 ## - ADDED ENTRY ELEMENTS (KOHA) | |
| Source of classification or shelving scheme | Dewey Decimal Classification |
| Item type | Children Books |
| Classification part | 503/COC |
| Withdrawn status | Lost status | Not for loan | Collection code | Home library | Current library | Date acquired | Source of acquisition | Cost, normal purchase price | Full call number | Barcode | Copy number | Cost, replacement price | Koha item type |
|---|---|---|---|---|---|---|---|---|---|---|---|---|---|
| Binding | Not For Loan | Reference | Central Library | Central Library | 06/06/2008 | Super Book Distributors/24.4.08/27/8.4.08/19.5.08/395.00/ | 495.00 | 503 COC | B-262910 | 1 | 495.00 | Children Books | |
| Not For Loan | Reference | Sarojini Nagar | Sarojini Nagar | 04/07/2008 | 495.00 | 503 COC | B-262911 | 1 | 495.00 | Children Books |
